000 00633nam a2200277Ia 4500
005 20260324150953.0
008 008 260324s9999 xx 000 0 eng d
020 _a9780203164747
037 _aEBOOK
040 _aCRL
040 _beng
040 _cCRL
041 _2eng
041 _aeng
084 _qCRL
100 _aI.A. Richards
_91228268
245 0 _aPrinciples of Literary Criticism
260 _bTaylor and Francis
260 _c1924
365 _a
365 _b73
856 _uhttp://www.taylorfrancis.com/books/9780203164747
942 _cEBOOK
999 _c1838611
_d1838611